[Event "Beirut Christmas op 20th"]
[Site "Beirut"]
[Date "2018.12.22"]
[Round "1"]
[White "Saridar, Toufic"]
[Black "Najjar, Ahmad"]
[Result "0-1"]
[WhiteElo "1528"]
[BlackElo "2210"]
[PlyCount "63"]
[EventDate "2018.12.22"]
[EventType "swiss"]
[EventRounds "7"]
[EventCountry "LBN"]
[SourceTitle "CBM 188 Extra"]
[Source "ChessBase"]
[SourceDate "2019.02.26"]
[SourceVersion "1"]
[SourceVersionDate "2019.02.26"]
[SourceQuality "1"]

1. e4 c5 2. c3 g6 3. d4 cxd4 4. cxd4 d5 5. e5 Nc6 6. Nf3 Bg4 7. Be3 e6 8. h3 Bxf3 9. Qxf3 Bg7 10. Nc3 Nge7 11. Bd3 Qb6 12. 0-0 0-0 13. Qg4 Qxb2 14. Nb5 Qb4 15. Rfb1 Qa4 16. Nd6 Nf5 17. Bxf5 exf5 18. Qf4 b6 19. Rd1 Nd8 20. g4 Ne6 21. Qg3 f4 22. Bxf4 Nxd4 23. Qd3 Nc2 24. Bg3 Nxa1 25. Rxa1 d4 26. Qe4 Rad8 27. e6 fxe6 28. Qxe6+ Kh8 29. Nf7+ Rxf7 30. Qxf7 d3 31. Rf1 d2 32. Qf3 0-1